Sports Quiz

Random Sports or State Quiz

Best FBS Teams by State Quiz Stats

 Plays Quiz not verified by Sporcle

Score 0/192 Timer 08:00
0 Plays Today
State School % Correct
AlabamaAlabama
99.5%
AlabamaAlabama
99.5%
AlabamaAlabama
99.5%
ArizonaArizona
99.3%
ArizonaArizona
99.3%
ArizonaArizona
99.3%
ArkansasArkansas
99.3%
ArkansasArkansas
99.3%
ArkansasArkansas
99.3%
ArkansasArkansas
99.3%
FloridaMiami and Florida
99%
ArizonaArizona State
99%
ArizonaArizona State
99%
ArizonaArizona State
99%
FloridaFlorida
99%
FloridaFlorida
99%
FloridaFlorida
99%
CaliforniaUSC
98.9%
CaliforniaUSC
98.9%
CaliforniaUSC
98.9%
CaliforniaUSC
98.9%
CaliforniaUSC
98.9%
ColoradoColorado
98.9%
GeorgiaGeorgia
98.8%
GeorgiaGeorgia
98.8%
GeorgiaGeorgia
98.8%
GeorgiaGeorgia
98.8%
FloridaFlorida State
98.4%
IowaIowa
98.1%
IowaIowa
98.1%
IowaIowa
98.1%
IowaIowa
98.1%
IowaIowa
98.1%
IowaIowa and Iowa State
98.1%
KansasKansas
98%
KansasKansas
98%
KansasKansas
98%
IndianaIndiana and Purdue
97.8%
IllinoisIllinois
97.6%
MichiganMichigan
97.6%
MichiganMichigan
97.6%
LouisianaLSU
97.6%
LouisianaLSU
97.6%
LouisianaLSU and Louisiana Tech
97.6%
LouisianaLSU
97.6%
LouisianaLSU
97.6%
LouisianaLSU
97.6%
MichiganMichigan State
97.3%
MarylandMaryland and Navy
97.3%
MarylandMaryland and Navy
97.3%
MarylandMaryland and Navy
97.3%
KentuckyKentucky
97.3%
KentuckyKentucky
97.3%
KentuckyKentucky
97.3%
KansasKansas State
97.2%
KansasKansas State
97.2%
KansasKansas State
97.2%
IdahoBoise State
96.9%
IdahoBoise State
96.9%
IdahoBoise State
96.9%
IdahoBoise State
96.9%
IdahoBoise State
96.9%
IdahoBoise State
96.9%
ColoradoAir Force and Colorado State
96.4%
State School % Correct
GeorgiaGeorgia Tech
96.4%
GeorgiaGeorgia Tech
96.4%
MississippiMississippi
96.1%
MississippiMississippi
96.1%
MichiganMichigan State and Western Michigan
95.7%
OhioOhio State
95.6%
OhioOhio State
95.6%
OhioOhio State
95.6%
OhioOhio State
95.6%
New MexicoNew Mexico
95.6%
New MexicoNew Mexico
95.6%
New MexicoNew Mexico
95.6%
New MexicoNew Mexico
95.6%
AlabamaAuburn
95.5%
AlabamaAuburn
95.5%
AlabamaAuburn
95.5%
IndianaPurdue
95.4%
NevadaNevada
95.2%
NevadaNevada
95.2%
NevadaNevada
95.2%
NevadaNevada
95.2%
NevadaNevada
95.2%
NevadaNevada
95.2%
OregonOregon and Oregon State
95%
OklahomaOklahoma and Oklahoma State
95%
OklahomaOklahoma
95%
OklahomaOklahoma
95%
OklahomaOklahoma
95%
OregonOregon
95%
OregonOregon
95%
OregonOregon
95%
OregonOregon
95%
TexasTexas
94.5%
TexasTexas
94.5%
TexasTexas
94.5%
TexasTexas
94.5%
South CarolinaClemson and South Carolina
94.2%
South CarolinaClemson and South Carolina
94.2%
TennesseeTennessee
94%
TennesseeTennessee
94%
MississippiMississippi State
93%
MississippiMississippi State
93%
PennsylvaniaPenn State
92.7%
PennsylvaniaPenn State
92.7%
PennsylvaniaPenn State
92.7%
PennsylvaniaPenn State
92.7%
PennsylvaniaPenn State
92.7%
UtahUtah
92.7%
UtahUtah
92.7%
UtahUtah
92.7%
MarylandNavy
92.7%
MarylandNavy
92.7%
MarylandNavy
92.7%
ColoradoAir Force
92.3%
ColoradoAir Force
92.3%
ColoradoAir Force
92.3%
ColoradoAir Force
92.3%
OregonOregon State
92.3%
OklahomaOklahoma State
92.2%
WashingtonWashington
92.2%
WashingtonWashington
92.2%
West VirginiaWest Virginia
92.1%
West VirginiaWest Virginia
92.1%
West VirginiaWest Virginia
92.1%
State School % Correct
West VirginiaWest Virginia
92.1%
West VirginiaWest Virginia
92.1%
West VirginiaWest Virginia
92.1%
VirginiaVirginia Tech
91.7%
VirginiaVirginia Tech
91.7%
VirginiaVirginia Tech
91.7%
VirginiaVirginia Tech
91.7%
VirginiaVirginia Tech
91.7%
VirginiaVirginia Tech
91.7%
North CarolinaNC State and East Carolina
91.1%
CaliforniaStanford
90.6%
South CarolinaSouth Carolina
90.6%
WashingtonWashington State
90.6%
WashingtonWashington State
90.6%
WashingtonWashington State
90.6%
WashingtonWashington State
90.6%
North CarolinaNC State
90.4%
New MexicoNew Mexico State
90.2%
New MexicoNew Mexico State
90.2%
South CarolinaClemson
89.4%
South CarolinaClemson
89.4%
South CarolinaClemson
89.4%
IndianaNotre Dame
87.6%
IndianaNotre Dame
87.6%
IndianaNotre Dame
87.6%
IllinoisNorthwestern and Nothern Illinois
86.5%
New YorkSyracuse
86%
New YorkSyracuse
86%
IllinoisNorthwestern
84.2%
IllinoisNorthwestern
84.2%
UtahBYU
83.6%
UtahBYU
83.6%
UtahBYU
83.6%
KentuckyLouisville
83%
KentuckyLouisville
83%
KentuckyLouisville
83%
North CarolinaEast Carolina
80.8%
North CarolinaEast Carolina
80.8%
New YorkArmy and Buffalo
79.7%
MichiganWestern Michigan
79.1%
ArkansasArkansas State
78.7%
ArkansasArkansas State
78.7%
TexasTCU
76.1%
TexasTCU
76.1%
New YorkBuffalo
75.5%
New YorkBuffalo
75.5%
IllinoisNorthern Illinois
75%
IllinoisNorthern Illinois
75%
New YorkArmy
73.8%
FloridaUCF
73.3%
North CarolinaWake Forest
72.2%
North CarolinaWake Forest
72.2%
MichiganCentral Michigan
72.1%
TennesseeVanderbilt
68.7%
TennesseeMemphis
68.7%
OhioCincinnati
67.1%
OhioCincinnati
67.1%
OklahomaTulsa
61.8%
PennsylvaniaTemple
54.4%
MississippiSouthern Miss
53.8%
MississippiSouthern Miss
53.8%
IndianaBall State
49.6%
TennesseeMiddle Tennessee State
45.7%
TennesseeMiddle Tennessee State
45.7%

You're not logged in!

Compare scores with friends on all Sporcle quizzes.
OR
Log In

Show Comments

Extras

Created Oct 27, 2010ReportNominate
Tags:State Quiz, FBS, record, school, team, win

Top Quizzes Today


Score Distribution

Your Account Isn't Verified!

In order to create a playlist on Sporcle, you need to verify the email address you used during registration. Go to your Sporcle Settings to finish the process.

Report this User

Report this user for behavior that violates our Community Guidelines.

Details: